Online
Catalog

Por donde los ángeles caminan : (Record no. 24459)

MARC details
000 -CABECERA
campo de control de longitud fija 00953cam a2200265 a 4500
001 - NÚMERO DE CONTROL
campo de control 000024966
005 - FECHA Y HORA DE LA ÚLTIMA TRANSACCIÓN
campo de control 20251111094609.0
008 - DATOS DE LONGITUD FIJA--INFORMACIÓN GENERAL
campo de control de longitud fija 901219s1994 ag 000 | spa d
020 ## - NÚMERO INTERNACIONAL ESTÁNDAR DEL LIBRO
Número Internacional Estándar del Libro 9501514218
040 ## - FUENTE DE LA CATALOGACIÓN
Centro catalogador/agencia de origen DO-SdBNP
Lengua de catalogación spa
Centro/agencia transcriptor BNPHU
041 17 - CÓDIGO DE LENGUA
Código de lengua del texto/banda sonora o título independiente eng
Código de lengua original spa
Fuente del código Código de idioma MARC
082 ## - NÚMERO DE LA CLASIFICACIÓN DECIMAL DEWEY
Número de clasificación 291.215
Número de documento/Ítem A545p
049 ## - FONDOS LOCALES (OCLC)
Fondos de biblioteca BNGR
100 1# - ENTRADA PRINCIPAL--NOMBRE DE PERSONA
Nombre de persona Anderson, Joan Wester
9 (RLIN) 51231
240 10 - TÍTULO UNIFORME
Título uniforme Where angels walk.
Lenguaje de la obra Español
245 10 - MENCIÓN DE TÍTULO
Título Por donde los ángeles caminan :
Resto del título historias verídicas de seres espirituales /
Mención de responsabilidad, etc. Joan Wester Anderson ; traducción Emilia Ghelfi.
260 ## - PUBLICACIÓN, DISTRIBUCIÓN, ETC.
Lugar de publicación, distribución, etc. Buenos Aires, (Argentina) :
Nombre del editor, distribuidor, etc. Javier Vergara Editor,
Fecha de publicación, distribución, etc. 1994.
300 ## - DESCRIPCIÓN FÍSICA
Extensión 233 p. ;
Dimensiones 21 cm.
534 ## - NOTA SOBRE LA VERSIÓN ORIGINAL
Encabezamiento principal del original Título original :
Mención de título del original Where angels walk.
500 ## - NOTA GENERAL
Nota general Incluye referencias bibliográficas : p. 85-87
650 #0 - PUNTO DE ACCESO ADICIONAL DE MATERIA--TÉRMINO DE MATERIA
Término de materia o nombre geográfico como elemento de entrada Ángeles guardianes
9 (RLIN) 12657
650 #4 - PUNTO DE ACCESO ADICIONAL DE MATERIA--TÉRMINO DE MATERIA
Término de materia o nombre geográfico como elemento de entrada Espiritus buenos
9 (RLIN) 51232
650 #0 - PUNTO DE ACCESO ADICIONAL DE MATERIA--TÉRMINO DE MATERIA
Término de materia o nombre geográfico como elemento de entrada Ángeles
Subdivisión general Culto
9 (RLIN) 12656
700 1# - PUNTO DE ACCESO ADICIONAL--NOMBRE DE PERSONA
Nombre de persona Ghelfi, Emilia
Término indicativo de función/relación tr.
9 (RLIN) 51233
Holdings
Estado de retiro Estado de pérdida Restricciones de uso No para préstamo Código de colección Localización permanente Ubicación/localización actual Ubicación en estantería Fecha de adquisición Número de inventario Total de préstamos Signatura topográfica completa Código de barras Fecha visto por última vez Precio válido a partir de Tipo de ítem Koha
        Monografías: Libros y Folletos General General En catalogación 08.02.2011 LF1   291.215 A545p 24966-10 25.06.2020 25.06.2020 Préstamo en sala

Powered by Koha